[Event "ISR-ch qual GpB"]
[Site "Kiryat Ono"]
[Date "2015.10.30"]
[Round "3"]
[White "Dinkin, Simyon"]
[Black "Penzias, Mordechai"]
[Result "1/2-1/2"]
[WhiteElo "2004"]
[BlackElo "2168"]
[PlyCount "68"]
[EventDate "2015.10.16"]
[EventType "tourn"]
[EventRounds "10"]
[EventCountry "ISR"]
[SourceTitle "CBM 170 Extra"]
[Source "ChessBase"]
[SourceDate "2016.02.25"]
[SourceVersion "1"]
[SourceVersionDate "2016.02.25"]
[SourceQuality "1"]

1. e4 d6 2. c4 Nf6 3. Nc3 c5 4. g3 g6 5. Bg2 Bg7 6. Nge2 Nc6 7. 0-0 0-0 8. Rb1 e5 9. a3 a5 10. d3 Nd4 11. Nxd4 cxd4 12. Nd5 Nxd5 13. exd5 f5 14. f4 b6 15. b4 Ra7 16. Qb3 a4 17. Qc2 Re8 18. fxe5 dxe5 19. c5 bxc5 20. bxc5 e4 21. dxe4 d3 22. Qxd3 Ba6 23. Qc2 Bxf1 24. Kxf1 fxe4 25. Bxe4 Rf7+ 26. Kg2 Bd4 27. Qd3 Bxc5 28. Bf4 Bd6 29. Bxg6 hxg6 30. Qxg6+ Rg7 31. Qxd6 Qxd6 32. Bxd6 Rd7 33. Bb4 Rxd5 34. Rb2 Rd3 1/2-1/2

[Event "Tel Aviv ASA"]
[Site "Tel Aviv"]
[Date "1993.??.??"]
[Round "8"]
[White "Godes, Dmitry R"]
[Black "Penzias, Mordechai"]
[Result "1-0"]
[WhiteElo "2430"]
[BlackElo "2210"]
[PlyCount "81"]
[EventDate "1993.??.??"]
[EventType "tourn"]
[EventRounds "11"]
[EventCountry "ISR"]
[EventCategory "4"]
[SourceTitle "EXT 1998"]
[Source "ChessBase"]
[SourceDate "1997.11.17"]
[SourceVersion "1"]
[SourceVersionDate "1997.11.17"]
[SourceQuality "1"]

1. Nf3 d5 2. g3 c6 3. Bg2 Bg4 4. 0-0 Nd7 5. b3 e5 6. Bb2 Bd6 7. c4 Ngf6 8. cxd5 cxd5 9. d4 e4 10. Ne5 0-0 11. f4 exf3 12. exf3 Bf5 13. g4 Bxb1 14. Rxb1 Re8 15. g5 Nxe5 16. dxe5 Bc5+ 17. Kh1 Nh5 18. f4 g6 19. Bxd5 Qd7 20. f5 Red8 21. Bc4 Qc6+ 22. Qf3 Qxf3+ 23. Rxf3 Bd4 24. fxg6 hxg6 25. Rxf7 b5 26. Be6 Ng7 27. Rf6+ Nxe6 28. Rxe6 Kf7 29. Rf6+ Kg7 30. e6 Bxb2 31. Rxb2 Rd5 32. Rf7+ Kg8 33. Rbf2 Rxg5 34. e7 Rf5 35. R7xf5 gxf5 36. Rxf5 Re8 37. Rf8+ Rxf8 38. exf8Q+ Kxf8 39. Kg2 Kf7 40. Kf3 Kf6 41. Ke4 1-0

[Event "Tel Aviv ASA"]
[Site "Tel Aviv"]
[Date "1993.??.??"]
[Round "1"]
[White "Klinova, Masha"]
[Black "Penzias, Mordechai"]
[Result "1/2-1/2"]
[WhiteElo "2265"]
[BlackElo "2210"]
[PlyCount "29"]
[EventDate "1993.??.??"]
[EventType "tourn"]
[EventRounds "11"]
[EventCountry "ISR"]
[EventCategory "4"]
[SourceTitle "EXT 1998"]
[Source "ChessBase"]
[SourceDate "1997.11.17"]
[SourceVersion "1"]
[SourceVersionDate "1997.11.17"]
[SourceQuality "1"]

1. e4 d6 2. d4 Nf6 3. Nc3 g6 4. g3 Bg7 5. Bg2 0-0 6. Nge2 e5 7. h3 c6 8. 0-0 b5 9. a3 Bb7 10. Be3 Nbd7 11. g4 Nb6 12. b3 Re8 13. dxe5 dxe5 14. Nc1 Bf8 15. Qe2 1/2-1/2